[Event "España ch sub-18 2009"]
[Site "Granada ESP"]
[Date "2009.07.25"]
[Round "8.7"]
[White "Martin Fuentes, Alberto"]
[Black "Rioboo De Larriva, Alvaro"]
[Result "1-0"]
[WhiteElo "2244"]
[BlackElo "2150"]
[PlyCount "95"]
[EventDate "2009.07.20"]
[EventType "swiss"]
[EventRounds "9"]
[EventCountry "ESP"]
[Source "lmi"]
[SourceDate "2009.07.20"]

1. e4 c5 2. Nc3 g6 3. d3 Bg7 4. Be3 d6 5. Qd2 Nc6 6. g3 h5 7. h3 e5 8. Bg2 Nge7
9. f4 exf4 10. Bxf4 Nd4 11. Nf3 Nxf3+ 12. Bxf3 Be6 13. Nd5 Qd7 14. O-O-O Bxh3
15. Nxe7 Kxe7 16. d4 cxd4 17. Qb4 Rhc8 18. e5 Bf5 19. Rh2 d3 20. c3 Rab8 21.
Be4 Bxe4 22. exd6+ Kf8 23. Qxe4 b5 24. Rxd3 Re8 25. Qe7+ Rxe7 26. dxe7+ Qxe7
27. Bd6 Qxd6 28. Rxd6 Be5 29. Rd3 b4 30. Re2 f6 31. c4 Rc8 32. b3 Kf7 33. Kd1
Ke6 34. Ke1 g5 35. Kf2 a5 36. Rd5 a4 37. Rb5 axb3 38. axb3 Rd8 39. Rxb4 Kf5 40.
c5 Rd3 41. g4+ hxg4 42. c6 Rc3 43. Rc4 g3+ 44. Kg2 Rxb3 45. Rxe5+ fxe5 46. c7
Rb2+ 47. Kxg3 Rb3+ 48. Kf2 1-0

[Event "España ch sub-18 2009"]
[Site "Granada ESP"]
[Date "2009.07.25"]
[Round "8.8"]
[White "Coll Ortega, Jordi"]
[Black "Donoso Sanchez, Alejandro"]
[Result "1/2-1/2"]
[WhiteElo "2213"]
[BlackElo "2086"]
[PlyCount "80"]
[EventDate "2009.07.20"]
[EventType "swiss"]
[EventRounds "9"]
[EventCountry "ESP"]
[Source "lmi"]
[SourceDate "2009.07.20"]

1. e4 c5 2. Nf3 e6 3. d4 cxd4 4. Nxd4 a6 5. c4 Nf6 6. Nc3 Bb4 7. Qf3 Nc6 8.
Nxc6 dxc6 9. e5 Nd7 10. Qg3 Qa5 11. Bf4 g5 12. Bd2 Qxe5+ 13. Qxe5 Nxe5 14. Bxg5
Rg8 15. Bd2 b5 16. b3 Bb7 17. f4 Ng6 18. Ne4 Bxd2+ 19. Kxd2 O-O-O+ 20. Ke3 Nh4
21. c5 Nf5+ 22. Kf2 Rd4 23. Re1 h5 24. g3 Kc7 25. Bh3 Bc8 26. Bxf5 exf5 27. Nd6
Be6 28. Rd1 Rxd1 29. Rxd1 h4 30. Re1 Kd7 31. Re3 hxg3+ 32. Rxg3 Rh8 33. h3 Rh4
34. Ke3 Ke7 35. b4 Kd7 36. a3 Ke7 37. Rf3 Kf6 38. Rg3 Ke7 39. Nb7 Bc4 40. Nd6
Be6 1/2-1/2

[Event "España ch sub-18 2009"]
[Site "Granada ESP"]
[Date "2009.07.25"]
[Round "8.9"]
[White "Torres Ventosa, Pedro Eugenio"]
[Black "Espinosa Aranda, Angel"]
[Result "0-1"]
[WhiteElo "2135"]
[BlackElo "2350"]
[PlyCount "58"]
[EventDate "2009.07.20"]
[EventType "swiss"]
[EventRounds "9"]
[EventCountry "ESP"]
[Source "lmi"]
[SourceDate "2009.07.20"]

1. e4 c5 2. Nf3 e6 3. c3 d5 4. exd5 Qxd5 5. d4 Nf6 6. Bb5+ Nc6 7. O-O Bd7 8.
Be3 cxd4 9. Nxd4 Be7 10. Qe2 O-O 11. Bc4 Qa5 12. Nd2 Ne5 13. Bb3 Rfd8 14. Rad1
Rac8 15. Rfe1 Ng6 16. Qf3 Qc7 17. Bg5 h6 18. Bxf6 Bxf6 19. Ne4 Be7 20. Ng3 Ne5
21. Qe4 Bd6 22. Nh5 Kh8 23. f4 Ng6 24. Nxe6 fxe6 25. Rxd6 Qxd6 26. Qxg6 Qf8 27.
Bc2 Qg8 28. Rxe6 Bxe6 29. f5 Bf7 0-1

[Event "España ch sub-18 2009"]
[Site "Granada ESP"]
[Date "2009.07.25"]
[Round "8.10"]
[White "Gomez Dominguez, Xavier"]
[Black "Fernandez Garcia, Jose Miguel"]
[Result "1/2-1/2"]
[WhiteElo "2031"]
[BlackElo "2261"]
[PlyCount "131"]
[EventDate "2009.07.20"]
[EventType "swiss"]
[EventRounds "9"]
[EventCountry "ESP"]
[Source "lmi"]
[SourceDate "2009.07.20"]

1. e4 c5 2. Nc3 e6 3. g3 Nc6 4. Bg2 Nf6 5. d3 d5 6. exd5 Nxd5 7. Nge2 Be7 8.
O-O O-O 9. Ne4 e5 10. N2c3 Be6 11. Nxd5 Bxd5 12. f4 exf4 13. Bxf4 Qd7 14. Qh5
f5 15. Nc3 Bxg2 16. Kxg2 Nd4 17. Rf2 Bf6 18. Re1 Rae8 19. Re3 b5 20. Kg1 b4 21.
Nd5 g6 22. Rxe8 Qxe8 23. Qd1 Qc6 24. Nxf6+ Qxf6 25. c3 Nc6 26. Qb3+ Qf7 27. Bd6
Rd8 28. Bxc5 bxc3 29. Qxf7+ Kxf7 30. d4 Nxd4 31. bxc3 Nc6 32. Rb2 Rd7 33. Kf2
Ne5 34. Ke2 Nd3 35. Rb5 Nc1+ 36. Ke1 Nd3+ 37. Ke2 a6 38. Ra5 Nxc5 39. Rxc5 Rb7
40. Rd5 Ke6 41. Ra5 Rb2+ 42. Ke3 Rxh2 43. Rxa6+ Ke5 44. a4 Rc2 45. Rc6 Ra2 46.
Ra6 Rg2 47. Kf3 Rc2 48. Rc6 Ra2 49. Ra6 Ra3 50. Ra7 Rxc3+ 51. Kf2 Rc2+ 52. Kf3
Rh2 53. a5 g5 54. Re7+ Kf6 55. Re2 g4+ 56. Ke3 Rh1 57. Ra2 Re1+ 58. Kf2 Re7 59.
a6 Ra7 60. Ke3 Kg5 61. Ra5 h5 62. Ra1 h4 63. gxh4+ Kxh4 64. Kf4 Kh3 65. Ra3+
Kg2 66. Ra2+ 1/2-1/2

[Event "España ch sub-18 2009"]
[Site "Granada ESP"]
[Date "2009.07.25"]
[Round "8.11"]
[White "Moral Garcia, Serafin"]
[Black "Diaz Herrero, Alvaro"]
[Result "1/2-1/2"]
[WhiteElo "1976"]
[BlackElo "2187"]
[PlyCount "69"]
[EventDate "2009.07.20"]
[EventType "swiss"]
[EventRounds "9"]
[EventCountry "ESP"]
[Source "lmi"]
[SourceDate "2009.07.20"]

1. e4 c5 2. Nf3 d6 3. d4 Nf6 4. Nc3 cxd4 5. Nxd4 g6 6. Be3 Bg7 7. f3 O-O 8. Qd2
Nc6 9. O-O-O d5 10. Kb1 Nxd4 11. e5 Nf5 12. exf6 Bxf6 13. Nxd5 Qxd5 14. Qxd5
Nxe3 15. Qd3 Nxd1 16. Qxd1 Be6 17. Bb5 Rfd8 18. Qe2 Rd6 19. Rd1 Rb6 20. b3 Rc8
21. Bd7 Bc4 22. Qe3 Rd8 23. Kc1 Kg7 24. Rd2 Be6 25. Bxe6 Rxd2 26. Qxd2 Rxe6 27.
c4 Rd6 28. Qe3 b6 29. Kc2 Rd4 30. f4 h5 31. g3 Rd6 32. b4 e6 33. h4 Bd4 34. Qf3
e5 35. a3 1/2-1/2

[Event "España ch sub-18 2009"]
[Site "Granada ESP"]
[Date "2009.07.25"]
[Round "8.12"]
[White "Marcos Pinto, Luis"]
[Black "Arauz Alonso, Fernando"]
[Result "1/2-1/2"]
[WhiteElo "2130"]
[BlackElo "2155"]
[PlyCount "62"]
[EventDate "2009.07.20"]
[EventType "swiss"]
[EventRounds "9"]
[EventCountry "ESP"]
[Source "lmi"]
[SourceDate "2009.07.20"]

1. e4 c6 2. Nc3 d5 3. d4 dxe4 4. Nxe4 Bf5 5. Ng3 Bg6 6. h4 h6 7. Nf3 Nd7 8. h5
Bh7 9. Bd3 Bxd3 10. Qxd3 Ngf6 11. Bd2 Qc7 12. O-O-O O-O-O 13. Ne4 e6 14. g3 Nc5
15. Nxc5 Bxc5 16. Qe3 Bd6 17. c4 c5 18. Kb1 cxd4 19. Qxd4 Qc6 20. Bf4 Bxf4 21.
Qxf4 Qe4+ 22. Qxe4 Nxe4 23. Ne5 f6 24. Nf7 Nxf2 25. Nxd8 Nxh1 26. Nxe6 Nxg3 27.
Nxg7 Rg8 28. Ne6 Nxh5 29. Rh1 Ng3 30. Rxh6 Ne4 31. Rh4 Ng3 1/2-1/2

[Event "España ch sub-18 2009"]
[Site "Granada ESP"]
[Date "2009.07.25"]
[Round "8.13"]
[White "Guadamuro Torrente, Anabel"]
[Black "Millan Soto, Miguel"]
[Result "1-0"]
[WhiteElo "2136"]
[BlackElo "2014"]
[PlyCount "83"]
[EventDate "2009.07.20"]
[EventType "swiss"]
[EventRounds "9"]
[EventCountry "ESP"]
[Source "lmi"]
[SourceDate "2009.07.20"]

1. e4 c5 2. Nf3 e6 3. g3 Nc6 4. Bg2 Qc7 5. O-O Nf6 6. Re1 Be7 7. d3 d5 8. e5
Nd7 9. Bf4 a6 10. Nbd2 b5 11. Nf1 Bb7 12. h4 h6 13. c3 g5 14. hxg5 hxg5 15.
Nxg5 Bxg5 16. Bxg5 Ncxe5 17. d4 Nc4 18. Qg4 Nf8 19. b3 Nb6 20. dxc5 Nbd7 21.
Ne3 Qxc5 22. b4 Qb6 23. Nf5 Rg8 24. Qf4 e5 25. Rxe5+ Nxe5 26. Qxe5+ Ne6 27. Bf4
Rd8 28. Qf6 Rd7 29. Re1 Kf8 30. Bh6+ Ke8 31. Ng7+ Rxg7 32. Bxg7 Re7 33. Bf8 Rc7
34. Bc5 Rxc5 35. bxc5 Qxc5 36. Bh3 Bc8 37. Qh8+ Ke7 38. Qh4+ Ke8 39. Qf6 Qb6
40. Qe5 Qc5 41. Rd1 Qc4 42. Rxd5 1-0

[Event "España ch sub-18 2009"]
[Site "Granada ESP"]
[Date "2009.07.25"]
[Round "8.14"]
[White "Camacho Collados, Marcos"]
[Black "Galan Martin, Alejandro"]
[Result "1-0"]
[WhiteElo "2267"]
[BlackElo "1961"]
[PlyCount "71"]
[EventDate "2009.07.20"]
[EventType "swiss"]
[EventRounds "9"]
[EventCountry "ESP"]
[Source "lmi"]
[SourceDate "2009.07.20"]

1. c4 e5 2. Nc3 Nf6 3. g3 d5 4. cxd5 Nxd5 5. Bg2 Nb6 6. d3 Nc6 7. Nf3 Be7 8.
O-O Be6 9. Be3 O-O 10. a3 Re8 11. b4 a5 12. b5 Nd4 13. Nxe5 Bf6 14. f4 Bb3 15.
Qd2 Bxe5 16. fxe5 Rxe5 17. Bf4 Rc5 18. Rac1 Be6 19. Bxb7 Rb8 20. Bg2 g5 21. Be3
Nb3 22. Qb2 Rxc3 23. Qxc3 Nxc1 24. Qxc1 h6 25. Qb2 Nd5 26. Bd4 Qf8 27. e4 Ne7
28. a4 Ng6 29. Qc3 Rd8 30. Bc5 Qe8 31. d4 Qd7 32. Qxa5 Bh3 33. Bxh3 Qxh3 34.
Qxc7 Rd7 35. Qc8+ Kh7 36. Rxf7+ 1-0

[Event "España ch sub-18 2009"]
[Site "Granada ESP"]
[Date "2009.07.25"]
[Round "8.15"]
[White "Antolin Concha, Diego"]
[Black "Velandrino Gomez, Maria Cielo"]
[Result "1-0"]
[WhiteElo "2252"]
[BlackElo "2049"]
[PlyCount "96"]
[EventDate "2009.07.20"]
[EventType "swiss"]
[EventRounds "9"]
[EventCountry "ESP"]
[Source "lmi"]
[SourceDate "2009.07.20"]

1. d4 d5 2. c4 c6 3. Nf3 Nf6 4. Nc3 a6 5. e3 b5 6. c5 Nbd7 7. Bd3 a5 8. a3 e5
9. Nxe5 Nxe5 10. dxe5 Ng4 11. f4 Bxc5 12. Qf3 Qb6 13. Ke2 Nh6 14. h3 Nf5 15. g4
Ne7 16. Bd2 Qb8 17. Be1 Ba6 18. e4 d4 19. b4 axb4 20. axb4 Bb6 21. Nb1 Bc8 22.
Ra3 Rxa3 23. Nxa3 O-O 24. Nc2 Be6 25. f5 Bc4 26. Bh4 Re8 27. g5 c5 28. bxc5
Bxc5 29. e6 Nc6 30. Bxc4 bxc4 31. exf7+ Kxf7 32. g6+ hxg6 33. fxg6+ Kg8 34.
Qf7+ Kh8 35. Qd5 Qe5 36. Qxc6 Qxe4+ 37. Qxe4 Rxe4+ 38. Kd2 Rxh4 39. Ra1 Kg8 40.
Ra8+ Bf8 41. Rc8 Rxh3 42. Rxc4 Rg3 43. Rc6 Rc3 44. Ra6 Rf3 45. Nxd4 Rf6 46.
Rxf6 gxf6 47. Nf5 Bg7 48. Kd3 Kf8 1-0

[Event "España ch sub-18 2009"]
[Site "Granada ESP"]
[Date "2009.07.25"]
[Round "8.16"]
[White "Bujosa Ribas, Joan"]
[Black "Moreno Martin, Daniel"]
[Result "1/2-1/2"]
[WhiteElo "2045"]
[BlackElo "2231"]
[PlyCount "90"]
[EventDate "2009.07.20"]
[EventType "swiss"]
[EventRounds "9"]
[EventCountry "ESP"]
[Source "lmi"]
[SourceDate "2009.07.20"]

1. e4 e6 2. d4 d5 3. exd5 exd5 4. Bd3 Nc6 5. Nf3 Bg4 6. c3 Bd6 7. O-O Nge7 8.
Nbd2 Qd7 9. a4 O-O 10. Qc2 Bf5 11. Re1 Rfe8 12. Nf1 Bxd3 13. Qxd3 Ng6 14. Bd2
Nce7 15. Ng3 b6 16. b3 c6 17. Ra2 Qc7 18. Rc2 Rad8 19. Be3 c5 20. c4 Nc6 21.
Rcc1 dxc4 22. Qxc4 cxd4 23. Nxd4 Nxd4 24. Qxc7 Bxc7 25. Rxc7 Nxb3 26. Rxa7 Nc5
27. Rb1 Ra8 28. Rxa8 Rxa8 29. Rxb6 Nxa4 30. Rb1 Nc3 31. Rc1 Nd5 32. Bd2 h6 33.
h3 Ra2 34. Rd1 Nde7 35. Be3 f5 36. Bc5 Kf7 37. Bxe7 Nxe7 38. Re1 g6 39. Ne2 Kf6
40. g3 Nc6 41. Kg2 g5 42. Nc3 Ra5 43. Rd1 Rc5 44. Ne2 Ne5 45. Rd6+ Kg7 1/2-1/2

[Event "España ch sub-18 2009"]
[Site "Granada ESP"]
[Date "2009.07.26"]
[Round "9.1"]
[White "Cabrera Trujillo, Jorge"]
[Black "Arribas Lopez, Angel"]
[Result "1-0"]
[WhiteElo "2410"]
[BlackElo "2429"]
[PlyCount "67"]
[EventDate "2009.07.20"]
[EventType "swiss"]
[EventRounds "9"]
[EventCountry "ESP"]
[Source "lmi"]
[SourceDate "2009.07.20"]

1. e4 c5 2. Nf3 d6 3. d4 cxd4 4. Nxd4 Nf6 5. Nc3 g6 6. Bc4 Bg7 7. O-O O-O 8.
Re1 Nc6 9. Nb3 Ne5 10. Bf1 Bg4 11. f3 Be6 12. Nd5 Rc8 13. c3 Re8 14. a4 Nc4 15.
a5 Qd7 16. Nf4 Qc7 17. Nxe6 fxe6 18. Ra4 b5 19. axb6 Nxb6 20. Ra6 e5 21. Be3 e6
22. Bb5 Rf8 23. Na5 Rb8 24. Nc6 Rb7 25. Na5 Rbb8 26. Nc6 Rb7 27. Qa1 d5 28. Bc5
Rf7 29. Bxb6 axb6 30. Ra8+ Bf8 31. b4 dxe4 32. fxe4 Rg7 33. Rf1 Nd7 34. Nd8 1-0

[Event "España ch sub-18 2009"]
[Site "Granada ESP"]
[Date "2009.07.26"]
[Round "9.2"]
[White "Alonso Rosell, Alvar"]
[Black "Martin Fuentes, Alberto"]
[Result "1-0"]
[WhiteElo "2461"]
[BlackElo "2244"]
[PlyCount "85"]
[EventDate "2009.07.20"]
[EventType "swiss"]
[EventRounds "9"]
[EventCountry "ESP"]
[Source "lmi"]
[SourceDate "2009.07.20"]

1. d4 Nf6 2. c4 c5 3. d5 b5 4. Qc2 g6 5. e4 bxc4 6. Nc3 d6 7. Bxc4 Bg7 8. Nf3
O-O 9. O-O Ba6 10. Bxa6 Nxa6 11. Bf4 Qb6 12. Rad1 Rab8 13. Bc1 Nd7 14. Rfe1 Nc7
15. b3 Qb4 16. Bd2 Qb7 17. Bf4 Qb4 18. Nb1 a5 19. Bd2 Qb6 20. Bc3 Nf6 21. Na3
Qa6 22. Nc4 a4 23. Bxf6 Bxf6 24. e5 Bg7 25. bxa4 Rb4 26. Re4 Ra8 27. a3 Rxa4
28. Nb6 Rxa3 29. Nxa8 Qxa8 30. Qd2 Ra2 31. Qe1 dxe5 32. Nxe5 Nxd5 33. h3 e6 34.
Rc4 Qa6 35. Rdc1 Qd6 36. Nf3 Bf8 37. Qe4 Nb6 38. R4c2 Ra4 39. Qe2 Qc7 40. Qb5
Ra8 41. Ng5 Nd7 42. Ne4 Rb8 43. Qxd7 1-0

[Event "España ch sub-18 2009"]
[Site "Granada ESP"]
[Date "2009.07.26"]
[Round "9.3"]
[White "Herrera Delgado, Alejandro"]
[Black "Salgado Lopez, Ivan"]
[Result "0-1"]
[WhiteElo "2297"]
[BlackElo "2558"]
[PlyCount "80"]
[EventDate "2009.07.20"]
[EventType "swiss"]
[EventRounds "9"]
[EventCountry "ESP"]
[Source "lmi"]
[SourceDate "2009.07.20"]

1. e4 e5 2. Nf3 d6 3. d4 exd4 4. Qxd4 a6 5. Bf4 Nc6 6. Qd2 Nf6 7. Nc3 Be7 8.
O-O-O O-O 9. Nd4 Nxd4 10. Qxd4 b5 11. f3 c5 12. Qd2 b4 13. Nb1 Be6 14. Bxd6
Bxd6 15. Qxd6 Qa5 16. Be2 Qxa2 17. g4 Rfc8 18. g5 Ne8 19. Qe5 c4 20. c3 Rab8
21. Kd2 Qxb2+ 22. Ke3 bxc3 23. Nxc3 Qb6+ 24. Kf4 Qf2 25. h4 Rb3 26. Rd2 g6 27.
h5 gxh5 28. Rxh5 Ng7 29. Rh6 Re8 30. Qf6 Qe1 31. Rc2 Qg1 32. Rh4 Rb6 33. Na4
Rb5 34. Nc3 Rc5 35. Na4 Ra5 36. Qh6 Bf5 37. Bxc4 Re6 38. Rh1 Rxe4+ 39. fxe4
Qg4+ 40. Ke3 Qxe4+ 0-1

[Event "España ch sub-18 2009"]
[Site "Granada ESP"]
[Date "2009.07.26"]
[Round "9.4"]
[White "Pardo Simon, David"]
[Black "Recuero Guerra, David"]
[Result "1/2-1/2"]
[WhiteElo "2321"]
[BlackElo "2460"]
[PlyCount "87"]
[EventDate "2009.07.20"]
[EventType "swiss"]
[EventRounds "9"]
[EventCountry "ESP"]
[Source "lmi"]
[SourceDate "2009.07.20"]

1. c4 e5 2. Nc3 Nf6 3. Nf3 Nc6 4. g3 Bb4 5. Bg2 O-O 6. O-O e4 7. Ng5 Bxc3 8.
bxc3 Re8 9. d3 exd3 10. exd3 d6 11. h3 h6 12. Nf3 Bf5 13. g4 Bd7 14. Be3 Qc8
15. Rb1 a6 16. Nd4 Nd8 17. Bf4 Rb8 18. Re1 Rxe1+ 19. Qxe1 Ne6 20. Nxe6 Bxe6 21.
Qe2 b6 22. Bg3 Qe8 23. f4 b5 24. f5 Bd7 25. Qxe8+ Rxe8 26. cxb5 axb5 27. Kf2 g6
28. fxg6 fxg6 29. Bf3 g5 30. Rb3 Rf8 31. Kg2 Rf7 32. Ra3 Be6 33. Ra8+ Kg7 34.
Rb8 Nd5 35. Bf2 Nf4+ 36. Kg3 c5 37. d4 Nd3 38. Be3 Bxa2 39. Be4 Bc4 40. Bxd3
Bxd3 41. dxc5 dxc5 42. Bxc5 Bc4 43. Bd4+ Kh7 44. Rh8+ 1/2-1/2

[Event "España ch sub-18 2009"]
[Site "Granada ESP"]
[Date "2009.07.26"]
[Round "9.5"]
[White "Espinosa Aranda, Angel"]
[Black "Bendayan Claros, Aaron"]
[Result "1/2-1/2"]
[WhiteElo "2350"]
[BlackElo "2151"]
[PlyCount "173"]
[EventDate "2009.07.20"]
[EventType "swiss"]
[EventRounds "9"]
[EventCountry "ESP"]
[Source "lmi"]
[SourceDate "2009.07.20"]

1. e4 c5 2. Nf3 Nc6 3. Nc3 g6 4. d4 cxd4 5. Nxd4 Bg7 6. Nb3 Nf6 7. Be2 O-O 8.
O-O d6 9. Re1 Be6 10. Bf1 a5 11. a4 Bxb3 12. cxb3 Nd7 13. Be3 Nc5 14. Rc1 b6
15. Bc4 Rc8 16. f3 Nb4 17. Qe2 Qc7 18. Red1 Kh8 19. Bg5 h6 20. Bh4 g5 21. Bf2
Be5 22. h4 Bf4 23. Be3 Ne6 24. hxg5 hxg5 25. Nd5 Nxd5 26. Bxd5 Qb8 27. Kf2 Rxc1
28. Rxc1 Nc5 29. Rh1+ Kg7 30. Bd4+ Be5 31. Be3 Bf4 32. Bxf4 gxf4 33. Rh4 e5 34.
Rg4+ Kf6 35. Qf1 Qc8 36. Qd1 Ne6 37. Rh4 Qc5+ 38. Kf1 Nd4 39. Bc4 Ke7 40. Rh7
Qb4 41. Qd3 Qc5 42. Qd2 Ne6 43. Qe1 Qd4 44. Qh4+ Kd7 45. Qf6 Qd1+ 46. Kf2 Qd4+
47. Ke1 Qg1+ 48. Kd2 Nd4 49. Rxf7+ Rxf7 50. Qxf7+ Kd8 51. Qf8+ Kd7 52. Bb5+
Nxb5 53. Qf7+ Kd8 54. Qg8+ Kd7 55. axb5 Qf2+ 56. Kc3 Qe1+ 57. Kc2 Qe2+ 58. Kb1
Qxb5 59. Qf7+ Kd8 60. Qe6 Kc7 61. Ka2 Qc6 62. Qf7+ Qd7 63. Qc4+ Qc6 64. Qg8 b5
65. Qg7+ Kb6 66. Qf8 Qc7 67. Qe8 Qc6 68. Qb8+ Ka6 69. Kb1 Qc5 70. Qg8 Kb6 71.
Ka2 Qc6 72. g3 fxg3 73. Qxg3 a4 74. Qg1+ Ka6 75. Qf1 axb3+ 76. Kxb3 Qc5 77. Qd3
Kb6 78. Qc3 Qxc3+ 79. Kxc3 Kc5 80. b4+ Kc6 81. Kd3 d5 82. exd5+ Kxd5 83. Kc3
Kd6 84. Kd2 Ke6 85. Kd3 Kd5 86. Kc3 Kd6 87. Kd2 1/2-1/2

[Event "España ch sub-18 2009"]
[Site "Granada ESP"]
[Date "2009.07.26"]
[Round "9.6"]
[White "Moreno Gracia, Daniel"]
[Black "Coll Ortega, Jordi"]
[Result "0-1"]
[WhiteElo "2313"]
[BlackElo "2213"]
[PlyCount "70"]
[EventDate "2009.07.20"]
[EventType "swiss"]
[EventRounds "9"]
[EventCountry "ESP"]
[Source "lmi"]
[SourceDate "2009.07.20"]

1. e4 c5 2. Nf3 e6 3. d4 cxd4 4. Nxd4 Nc6 5. Nc3 Qc7 6. Be3 a6 7. Bd3 Nf6 8.
O-O Nxd4 9. Bxd4 Bc5 10. Bxc5 Qxc5 11. Qe2 d6 12. Rfe1 e5 13. Bc4 Be6 14. Bb3
O-O 15. Rad1 Bg4 16. Qd2 Bxd1 17. Rxd1 b5 18. a3 a5 19. Qxd6 Qxd6 20. Rxd6 b4
21. axb4 axb4 22. Na2 Nxe4 23. Rd1 Rfd8 24. Re1 Nd2 25. Nxb4 Nxb3 26. cxb3 Rd2
27. g3 f6 28. Nc6 Rxb2 29. b4 Kf7 30. h4 Raa2 31. Rf1 e4 32. Re1 f5 33. b5 Rxb5
34. Nd4 Rd5 35. Ne2 Rdd2 0-1

[Event "España ch sub-18 2009"]
[Site "Granada ESP"]
[Date "2009.07.26"]
[Round "9.7"]
[White "Garcia Moreno, Carlos"]
[Black "Guadamuro Torrente, Anabel"]
[Result "1/2-1/2"]
[WhiteElo "2245"]
[BlackElo "2136"]
[PlyCount "81"]
[EventDate "2009.07.20"]
[EventType "swiss"]
[EventRounds "9"]
[EventCountry "ESP"]
[Source "lmi"]
[SourceDate "2009.07.20"]

1. e4 e5 2. Nf3 Nc6 3. Bb5 Nf6 4. O-O Nxe4 5. d4 Nd6 6. Bxc6 dxc6 7. dxe5 Nf5
8. Qxd8+ Kxd8 9. Nc3 h6 10. b3 Ne7 11. h3 Ng6 12. Bb2 Bd7 13. Rad1 Kc8 14. Rfe1
Nf4 15. Ne2 Ne6 16. Nfd4 Bc5 17. Nxe6 Bxe6 18. Bd4 Bxd4 19. Nxd4 Rd8 20. g4 g6
21. f4 c5 22. Nxe6 fxe6 23. Kf2 Rd7 24. f5 gxf5 25. gxf5 exf5 26. e6 Re7 27.
Kf3 c6 28. Kf4 Kc7 29. Ke5 Rf8 30. Rg1 f4 31. Rg6 f3 32. Rf6 Rfe8 33. Rf1 Rd7
34. c4 Rd2 35. R1xf3 Re2+ 36. Kf5 h5 37. Rd3 Re7 38. Rf3 Kd6 39. Rd3+ Kc7 40.
Rf3 Kd6 41. Rd3+ 1/2-1/2

[Event "España ch sub-18 2009"]
[Site "Granada ESP"]
[Date "2009.07.26"]
[Round "9.8"]
[White "Donoso Sanchez, Alejandro"]
[Black "Camacho Collados, Marcos"]
[Result "0-1"]
[WhiteElo "2086"]
[BlackElo "2267"]
[PlyCount "52"]
[EventDate "2009.07.20"]
[EventType "swiss"]
[EventRounds "9"]
[EventCountry "ESP"]
[Source "lmi"]
[SourceDate "2009.07.20"]

1. e4 e5 2. Nf3 Nf6 3. Nxe5 d6 4. Nf3 Nxe4 5. Nc3 Nf6 6. d4 d5 7. Bd3 Be7 8.
O-O O-O 9. Ne5 c5 10. Re1 cxd4 11. Nb5 Bc5 12. Bg5 Nbd7 13. Nxd7 Bxd7 14. Qf3
Rc8 15. Qf4 h6 16. Bxh6 Ne4 17. Bxg7 Kxg7 18. Bxe4 dxe4 19. Qg3+ Kh7 20. Rxe4
Rc6 21. Re5 f5 22. Rae1 Rg6 23. Qh3+ Rh6 24. Qd3 Qh4 25. h3 b6 26. Qe2 Rg8 0-1

[Event "España ch sub-18 2009"]
[Site "Granada ESP"]
[Date "2009.07.26"]
[Round "9.9"]
[White "Forcen Esteban, Daniel"]
[Black "Hernandez Leon, Sergio"]
[Result "1-0"]
[WhiteElo "2308"]
[BlackElo "2143"]
[PlyCount "41"]
[EventDate "2009.07.20"]
[EventType "swiss"]
[EventRounds "9"]
[EventCountry "ESP"]
[Source "lmi"]
[SourceDate "2009.07.20"]

1. e4 c5 2. Nc3 a6 3. Nf3 d6 4. d4 cxd4 5. Nxd4 Nf6 6. Bg5 e6 7. f4 Qb6 8. Qd2
Qxb2 9. Rb1 Qa3 10. f5 Nc6 11. fxe6 fxe6 12. Nxc6 bxc6 13. e5 dxe5 14. Bxf6
gxf6 15. Be2 Bd7 16. Bh5+ Kd8 17. Rd1 Ra7 18. O-O Bb4 19. Rf3 e4 20. Rg3 e3 21.
Qd4 1-0

[Event "España ch sub-18 2009"]
[Site "Granada ESP"]
[Date "2009.07.26"]
[Round "9.10"]
[White "Fernandez Garcia, Jose Miguel"]
[Black "Marcos Pinto, Luis"]
[Result "1-0"]
[WhiteElo "2261"]
[BlackElo "2130"]
[PlyCount "85"]
[EventDate "2009.07.20"]
[EventType "swiss"]
[EventRounds "9"]
[EventCountry "ESP"]
[Source "lmi"]
[SourceDate "2009.07.20"]

1. e4 c5 2. Nf3 Nc6 3. d4 cxd4 4. Nxd4 Nf6 5. Nc3 e5 6. Ndb5 d6 7. Bg5 a6 8.
Bxf6 gxf6 9. Na3 b5 10. Nd5 f5 11. g3 Bg7 12. Bg2 O-O 13. exf5 Bxf5 14. Ne3 Ne7
15. Bxa8 Qxa8 16. O-O Bh3 17. Re1 d5 18. Qh5 Be6 19. c3 d4 20. cxd4 exd4 21.
Ng4 Ng6 22. Rad1 Kh8 23. f4 Nxf4 24. gxf4 Bxg4 25. Qxg4 Rg8 26. Kf2 Bf6 27. Qh3
Bh4+ 28. Ke2 Qe4+ 29. Kd2 Bxe1+ 30. Rxe1 Rg2+ 31. Kd1 Qc6 32. Qd3 Qd5 33. Nc2
h6 34. Kc1 Kg8 35. h3 Qd7 36. Kb1 Kf8 37. Qa3+ Kg8 38. Qd3 Kf8 39. b3 Qc7 40.
f5 a5 41. Qe4 Rd2 42. f6 Kg8 43. Qg4+ 1-0

[Event "España ch sub-18 2009"]
[Site "Granada ESP"]
[Date "2009.07.26"]
[Round "9.11"]
[White "Anaya Lopez, Victor Jose"]
[Black "Antolin Concha, Diego"]
[Result "1/2-1/2"]
[WhiteElo "2142"]
[BlackElo "2252"]
[PlyCount "27"]
[EventDate "2009.07.20"]
[EventType "swiss"]
[EventRounds "9"]
[EventCountry "ESP"]
[Source "lmi"]
[SourceDate "2009.07.20"]

1. e4 c5 2. Nf3 d6 3. d4 Nf6 4. Nc3 cxd4 5. Nxd4 a6 6. h3 e5 7. Nde2 h5 8. Bg5
Be7 9. Ng3 g6 10. Qf3 Be6 11. Bd3 Nbd7 12. O-O Rc8 13. Rfe1 Nb6 14. Rad1
1/2-1/2

[Event "España ch sub-18 2009"]
[Site "Granada ESP"]
[Date "2009.07.26"]
[Round "9.12"]
[White "Diaz Herrero, Alvaro"]
[Black "Clopes Llahi, Judit"]
[Result "1-0"]
[WhiteElo "2187"]
[BlackElo "2102"]
[PlyCount "109"]
[EventDate "2009.07.20"]
[EventType "swiss"]
[EventRounds "9"]
[EventCountry "ESP"]
[Source "lmi"]
[SourceDate "2009.07.20"]

1. e4 g6 2. d4 c6 3. Nc3 d5 4. h3 Bg7 5. Nf3 Nh6 6. Be2 O-O 7. O-O f6 8. Re1
Nf7 9. Be3 b6 10. Qd2 Bb7 11. Rad1 Na6 12. Bf1 Nc7 13. exd5 cxd5 14. Bf4 Re8
15. Nb5 e5 16. Bg3 a6 17. Nxc7 Qxc7 18. c3 Qc6 19. Nh2 e4 20. f4 Nd6 21. Ng4 a5
22. Ne3 f5 23. Bh2 Ba6 24. g4 Bxf1 25. Rxf1 b5 26. Rc1 Rf8 27. Bg3 Nc4 28. Nxc4
bxc4 29. Bf2 fxg4 30. h4 h5 31. Be3 Qf6 32. Qh2 Qf5 33. Qg3 a4 34. a3 Rab8 35.
Rc2 Rb7 36. Rh2 Qd7 37. Rff2 Rf5 38. Rf1 Qc7 39. Rff2 Qb8 40. Bc1 Rb3 41. Qe3
Bxd4 42. Qxd4 g3 43. Rfg2 gxh2+ 44. Kxh2 Qb6 45. Qd1 Kh7 46. Qe1 Qf6 47. Qg3
Rb8 48. Be3 Rf8 49. Rf2 Qd6 50. Kh1 R8f7 51. Rg2 Kh6 52. Bc5 Qe6 53. Be3 Kh7
54. Rg1 Rxf4 55. Bxf4 1-0

[Event "España ch sub-18 2009"]
[Site "Granada ESP"]
[Date "2009.07.26"]
[Round "9.13"]
[White "Zamarbide Inarrea, Daniel"]
[Black "Gomez Dominguez, Xavier"]
[Result "0-1"]
[WhiteElo "2176"]
[BlackElo "2031"]
[PlyCount "106"]
[EventDate "2009.07.20"]
[EventType "swiss"]
[EventRounds "9"]
[EventCountry "ESP"]
[Source "lmi"]
[SourceDate "2009.07.20"]

1. e4 c5 2. Nf3 g6 3. Nc3 Bg7 4. d4 cxd4 5. Nxd4 Nc6 6. Be3 Nf6 7. Bc4 Qa5 8.
O-O O-O 9. Bb3 d6 10. f3 Bd7 11. Qd2 Nxd4 12. Bxd4 b5 13. Rad1 Qc7 14. Bxf6
Bxf6 15. Nd5 Qc5+ 16. Kh1 Kg7 17. Nxf6 Kxf6 18. e5+ Qxe5 19. Rfe1 Qxb2 20. Qf4+
Kg7 21. Rxe7 Be8 22. Qxd6 Qf6 23. Qc7 a5 24. Re6 Qf5 25. Qb7 a4 26. Qxa8 fxe6
27. Qb7+ Rf7 28. Qc8 Re7 29. Qd8 Kf7 30. h3 axb3 31. cxb3 Qc2 32. Qd4 Rd7 33.
Qf4+ Qf5 34. Rxd7+ Bxd7 35. Qc7 Ke7 36. Qc3 Qf6 37. Qc5+ Ke8 38. a3 Qb2 39. Qb4
e5 40. Qd6 g5 41. a4 bxa4 42. bxa4 e4 43. Qd5 Qc1+ 44. Kh2 Qf4+ 45. g3 Qxf3 46.
Qxg5 e3 47. Qg8+ Qf8 48. Qxf8+ Kxf8 49. Kg2 Bxh3+ 50. Kf3 Bd7 51. a5 e2 52.
Kxe2 Ke7 53. Ke3 Kd6 0-1